French - English Translation - Statistics

General Stats
  • This quiz has been taken 129 times
  • The average score is 21 of 30
Answer Stats
English French % Correct
Hello Bonjour
100%
Bread Pain
94%
No Non
93%
Woman Femme
92%
Cheese Fromage
91%
Water Eau
90%
Dog Chien
83%
Eleven Onze
83%
To Sleep Dormir
82%
Head Tête
81%
Potato Pomme de terre
79%
Who Qui
78%
Spain Espagne
76%
To Listen Écouter
75%
Church Eglise
75%
Door Porte
73%
To Give Donner
67%
Computer Ordinateur
67%
Leg Jambe
66%
Shoe Chaussure
65%
Bike Vélo
65%
Pencil Crayon
60%
River Rivière
60%
Pastry Shop Pâtisserie
57%
Glasses Lunettes
56%
Belt Ceinture
49%
Notebook Cahier
47%
Ugly Moche
47%
Denim Jean
37%
Leather Cuir
34%
No matching quizzes found
Score Distribution
Percent of People with Each Score
Percentile by Number Answered
Your Score History
You have not taken this quiz